| 000 | 01088nam0a22002651 4500 | ||
|---|---|---|---|
| 001 | rc\135586 | ||
| 005 | 20250620203112.0 | ||
| 010 |
_a5-02-017938-8 _9500 |
||
| 035 | _a(NLR Aleph) 005408653 | ||
| 090 |
_a7350069 _c7350069 |
||
| 100 | _a20030307d1997 |||y0rusy50 ca | ||
| 101 | 0 | _arus | |
| 102 | _aRU | ||
| 105 | _ay ||||||||| | ||
| 200 | 1 |
_aРеспублика Корея на постиндустриальной стадии развития (конец 80-х - нач. 90-х гг.) _f[Моск. гос. ун-т им. М.В. Ломоносова, Междунар. центр корееведения, Рос. акад. наук. Ин-т востоковедения] |
|
| 210 |
_aМ. _cИзд. фирма "Вост. лит." _d1997 |
||
| 215 |
_a222, [2] с. _d21 |
||
| 225 | 1 | _aИсследования по Корее | |
| 320 | _aБиблиогр. в примеч.: с. 219-223 | ||
| 700 | 1 |
_aСуслина _bС.С. _gСветлана Серафимовна |
|
| 801 | 0 |
_aRU _bNLR _gpsbo |
|
| 801 | 1 |
_aRU _bELAR _2rusmarc |
|
| 852 |
_aNLR _j97-3/5130 |
||
| 942 | _cBOOK | ||
| 980 | _aNB | ||